| 000 | 00671nam a22001937a 4500 | ||
|---|---|---|---|
| 003 | OSt | ||
| 005 | 20201030145709.0 | ||
| 008 | 201014b 2013 dr a 00| 0 eng d | ||
| 020 | _a9789945465204 | ||
| 040 |
_aDO-SdBNP _bspa _cBNPHU |
||
| 100 | 1 |
_aMartínez, J. Adarberto _938743 |
|
| 245 | 1 | 0 |
_aLa escuela que aprende : _buna aproximación a la educación prefigurativa / _cJ. Adarberto Martínez. |
| 260 |
_aSanto Domingo : _bEdiciones CP, _c2013. |
||
| 300 |
_a233 p. : _bil., retrs. ; _c21 cm. |
||
| 500 | _aIncluye referencias bibliográficas y notas al pie de las páginas. | ||
| 504 | _aBibliografía : p. 227-233 | ||
| 942 |
_2ddc _cLBS1 |
||
| 956 | _aLOPEREZ | ||
| 999 |
_c48871 _d48871 |
||